Ouvrir une agence de voyages
Αποθηκεύτηκε σε:
| Κύριος συγγραφέας: | |
|---|---|
| Συγγραφή απο Οργανισμό/Αρχή: | |
| Άλλοι συγγραφείς: | |
| Μορφή: | Βιβλίο |
| Γλώσσα: | French |
| Δημοσίευση: |
Paris :
Assemblee des Chambres Francaises de Commerce et d'Industrie,
1996
|
| Σειρά: | Collection "Hotellerie et tourisme"
|
| Θέματα: | |
| Ετικέτες: |
Προσθήκη ετικέτας
Δεν υπάρχουν, Καταχωρήστε ετικέτα πρώτοι!
|
MARC
| LEADER | 00000nam a2200000 i 4500 | ||
|---|---|---|---|
| 001 | 1/81682 | ||
| 008 | 990518s1996 fre d | ||
| 020 | |a 2-85723-357-4 | ||
| 035 | |l 10050931 | ||
| 040 | |a GR-MY-UA |b gre |e aacr | ||
| 041 | 0 | |a fre | |
| 082 | 0 | |a 338.479102344 | |
| 100 | 1 | |a Abric, Didier. | |
| 245 | 1 | 0 | |a Ouvrir une agence de voyages / |c Didier Abric and Jean-Luc Briot ; preface de Jean Perrin |
| 260 | |a Paris : |b Assemblee des Chambres Francaises de Commerce et d'Industrie, |c 1996 | ||
| 300 | |a 259 p. | ||
| 490 | 1 | |a Hotellerie et tourisme | |
| 504 | |a Includes bibliography | ||
| 650 | 0 | 0 | |a Travel agents |x Vocational guidance. |
| 650 | 0 | 0 | |a Travel agents |z France |x Vocational guidance. |
| 650 | 0 | 0 | |a Tourism. |
| 700 | 1 | |a Briot, Jean-Luc. | |
| 710 | 2 | |a Assemblee des Chambres Francaises de Commerce et d'Industrie. | |
| 830 | 0 | |a Collection "Hotellerie et tourisme" | |
| 852 | |a INST |b CHIOS |e 19990518 |h 338.479102344 ABR |p 005200014354 |q 005200014354 |t BK |y 0 | ||
| 901 | |a BIBL2-1999-2 | ||
| 909 | |a Χ |b 055796 | ||
| 922 | |a 2ΔΩΡ |b 199905 |d ΜΕΤΑΠΤΥΧΙΑΚΟ ΤΟΥΡΙΣΜΟΥ | ||